00316 a2200097 4500001001000000005001700010008004100027245005300068100002600121773007100147ART_5109220260410161955.0260409a 10aAcción cambiaria y protección del consumidor1 aArduino, Augusto H.L.0 tTemas de derecho comercialg- Año 6, N° 8 (ago. 2020)wREV28151